Concrete (Record no. 99838)

MARC details
000 -LEADER
fixed length control field 00912cam a2200229 4500
008 - FIXED-LENGTH DATA ELEMENTS--GENERAL INFORMATION
fixed length control field 000000n2003 000 0 eng u
020 ## - INTERNATIONAL STANDARD BOOK NUMBER
International Standard Book Number 0632052511
035 ## - SYSTEM CONTROL NUMBER
System control number (Sirsi) u100799
041 ## - LANGUAGE CODE
Language code of text/sound track or separate title eng
050 ## - LIBRARY OF CONGRESS CALL NUMBER
Classification number 693.5
-- 18
245 ## - TITLE STATEMENT
Title Concrete
Remainder of title building pathology.
260 ## - PUBLICATION, DISTRIBUTION, ETC.
Place of publication, distribution, etc. Oxford
Name of publisher, distributor, etc. Blackwell Science
Date of publication, distribution, etc. 2003
300 ## - PHYSICAL DESCRIPTION
Extent xvii, 309p.
Other physical details ill.
Dimensions 25cm.
520 ## - SUMMARY, ETC.
Summary, etc. Deals with the diagnosis, prognosis and repair issues associated with concrete buildings. The text brings together experts in the history, defect diagnosis, remediaiton and maintenance of concrete. It includes case studies from around the world which illustrate the various repair methods available.
650 ## - SUBJECT ADDED ENTRY--TOPICAL TERM
Topical term or geographic name entry element CONCRETE BUILDINGS
650 ## - SUBJECT ADDED ENTRY--TOPICAL TERM
Topical term or geographic name entry element CONCRETE DEFECTS
650 ## - SUBJECT ADDED ENTRY--TOPICAL TERM
Topical term or geographic name entry element BUILDING PATHOLOGY
650 ## - SUBJECT ADDED ENTRY--TOPICAL TERM
Topical term or geographic name entry element BUILDING REPAIRS
690 ## - LOCAL SUBJECT ADDED ENTRY--TOPICAL TERM (OCLC, RLIN)
Topical term or geographic name as entry element BUILT ENVIRONMENT-BUILDING MATERIALS
700 ## - ADDED ENTRY--PERSONAL NAME
Personal name MacDonald, Susan
International Standard Serial Number Editor
942 ## - ADDED ENTRY ELEMENTS (KOHA)
Suppress in OPAC 0
Holdings
Withdrawn status Lost status Source of classification or shelving scheme Damaged status Not for loan Home library Current library Shelving location Date acquired Cost, normal purchase price Total Checkouts Full call number Barcode Date last seen Date last checked out Copy number Cost, replacement price Price effective from Koha item type
    Dewey Decimal Classification     London London Books 16/04/2003 36.12 22 693.5 MAC 30067179 06/08/2019 26/02/2008 2 36.12 06/08/2019 Book